000 00410nam a2200157Ia 4500
008 220803s9999 xx 000 0 und d
020 _a9780262700511
041 _aeng
082 _a712 TRE
100 _aTreib M Ed.
_926333
245 _aModern Landscape Architecture : A Critical Review.
260 _aLondon
_bMIT Press
_c1992
300 _a294p
500 _a35
650 _aLandscape Architecture
_926334
999 _c16875
_d16875